| 000 | 00710cam a22002293a 4500 | ||
|---|---|---|---|
| 001 | 13820 | ||
| 003 | PGUSA | ||
| 005 | 20140828083309.0 | ||
| 008 | 041021s2004||||xxu|||||s|||||000 | eng d | ||
| 040 |
_aPGUSA _beng |
||
| 042 | _adc | ||
| 050 | 4 | _aD501 | |
| 100 | 1 |
_aDunsany, Edward John Moreton Drax Plunkett, Baron, _d1878-1957 |
|
| 245 | 1 | 0 |
_aUnhappy Far-Off Things _h[electronic resource] / _cEdward John Moreton Drax Plunkett, Baron Dunsany |
| 260 |
_bProject Gutenberg, _c2004 |
||
| 506 | _aPublic domain in the USA. | ||
| 516 | _aElectronic text | ||
| 653 | _aWorld War, 1914-1918 -- France | ||
| 830 | 0 |
_aProject Gutenberg _v13820 |
|
| 856 | 4 | 0 | _uhttp://www.gutenberg.org/ebooks/13820 |
| 942 | _cEB | ||
| 999 |
_c243075 _d243075 |
||